[Event "22nd Hoogeveen Open 2018"]
[Site "Hoogeveen"]
[Date "2018.10.26"]
[Round "8"]
[White "Winkels, Marcel"]
[Black "Zarkovic, Mila"]
[Result "0-1"]
[WhiteElo "1935"]
[BlackElo "2213"]
[Annotator "NA"]
[PlyCount "72"]
[EventDate "2018.10.20"]
[EventType "swiss"]
[EventCountry "NED"]
[SourceTitle "playchess.com"]
[Source "ChessBase"]
[SourceQuality "1"]
[TimeControl "40/5400+30:1800+30"]

1. e4 {[%emt 0:00:00]} c5 {[%emt 0:00:00]} 2. Nf3 {[%emt 0:00:00]} d6 {[%emt 0:00:00]} 3. d4 {[%emt 0:00:00]} cxd4 {[%emt 0:00:00]} 4. Nxd4 {[%emt 0:00:00]} Nf6 {[%emt 0:00:04]} 5. Nc3 {[%emt 0:00:00]} a6 {[%emt 0:00:13]} 6. h3 {[%emt 0:00:32]} e6 {[%emt 0:00:29]} 7. g4 {[%emt 0:00:19]} b5 {[%emt 0:00:12]} 8. Bg2 {[%emt 0:02:03] LiveBook: 211 Games} Bb7 {[%emt 0:00:07]} 9. a3 {[%emt 0:02:10]} Be7 {[%emt 0:02:15]} 10. g5 {[%emt 0:01:29]} Nfd7 {[%emt 0:00:16]} 11. h4 {[%emt 0:00:16]} Nc6 {[%emt 0:00:38]} 12. Be3 {[%emt 0:01:54]} Rc8 {[%emt 0:03:11]} 13. Nxc6 {[%emt 0:05:41]} Bxc6 {[%emt 0:01:07]} 14. Qd4 $11 {[%emt 0:00:53]} O-O {[%emt 0:05:56]} 15. O-O-O {[%emt 0:03:38]} a5 {[%emt 0:07:24]} 16. Na2 {[%emt 0:13:25]} Nc5 {[%emt 0:06:40]} 17. f4 {[%emt 0:01:42]} Bxe4 {[%emt 0:03:42]} 18. Qxe4 {[%emt 0:10:56]} Nxe4 {[%emt 0:00:07]} 19. Bxe4 {[%emt 0:00:05]} d5 {[%emt 0:00:55]} 20. Kb1 {[%emt 0:04:59]} b4 {[%emt 0:01:25]} 21. Bd3 {[%emt 0:07:50]} bxa3 {[%emt 0:00:36]} 22. b3 {[%emt 0:00:48]} Qc7 {[%emt 0:01:07]} 23. h5 {[%emt 0:00:54]} Rb8 {[%emt 0:02:00]} 24. Bd2 {[%emt 0:03:09]} g6 {[%emt 0:10:41]} 25. hxg6 {[%emt 0:00:30]} fxg6 {[%emt 0:00:13]} 26. Rh4 {[%emt 0:06:29]} Bb4 {[%emt 0:04:39]} 27. Be3 {[%emt 0:01:50]} Qg7 {[%emt 0:00:34]} 28. Bc1 {[%emt 0:00:33]} Bd6 {[%emt 0:00:53]} 29. Rf1 {[%emt 0:00:47]} a4 {[%emt 0:02:16]} 30. f5 {[%emt 0:04:09]} axb3 {[%emt 0:00:35]} 31. cxb3 {[%emt 0:01:49]} Rxb3+ {[%emt 0:01:22]} 32. Kc2 {[%emt 0:00:10]} Rb2+ {[%emt 0:00:06]} 33. Bxb2 {[%emt 0:04:29]} Qxb2+ {[%emt 0:00:06]} 34. Kd1 {[%emt 0:00:07]} Qxa2 {[%emt 0:02:09]} 35. Rfh1 {[%emt 0:01:00]} Qa1+ {[%emt 0:00:12]} 36. Ke2 {[%emt 0:00:08]} Qb2+ {[%emt 0:00:33]} 0-1

[Event "22nd Hoogeveen Open 2018"]
[Site "Hoogeveen"]
[Date "2018.10.26"]
[Round "8"]
[White "Van Foreest, Machteld"]
[Black "Damen, Jip"]
[Result "1-0"]
[WhiteElo "1934"]
[BlackElo "2192"]
[Annotator "NA"]
[PlyCount "127"]
[EventDate "2018.10.20"]
[EventType "swiss"]
[EventCountry "NED"]
[SourceTitle "playchess.com"]
[Source "ChessBase"]
[SourceQuality "1"]
[TimeControl "40/5400+30:1800+30"]

1. e4 {[%emt 0:00:00]} g6 {[%emt 0:00:00]} 2. d4 {[%emt 0:00:00]} Bg7 {[%emt 0:00:00]} 3. Nf3 {[%emt 0:00:00]} d6 {[%emt 0:00:00]} 4. Bd3 {[%emt 0:00:51]} Nf6 {[%emt 0:01:09] LiveBook: 536 Games} 5. O-O {[%emt 0:00:30]} O-O {[%emt 0:00:09]} 6. h3 {[%emt 0:01:48]} Nc6 {[%emt 0:02:02]} 7. c3 {[%emt 0:02:42]} e5 {[%emt 0:00:13]} 8. Re1 {[%emt 0:05:14]} Re8 {[%emt 0:01:19]} 9. Nbd2 $14 {[%emt 0:10:58]} Nh5 {[%emt 0:09:19]} 10. dxe5 {[%emt 0:06:37]} Nxe5 {[%emt 0:02:24]} 11. Bc2 {[%emt 0:08:00]} Qf6 {[%emt 0:08:04]} 12. Nxe5 {[%emt 0:06:43]} dxe5 {[%emt 0:00:44]} 13. Nf3 {[%emt 0:01:51]} Nf4 {[%emt 0:03:01]} 14. Bxf4 {[%emt 0:01:14]} Qxf4 {[%emt 0:00:11]} 15. Qd2 {[%emt 0:01:17]} Qf6 {[%emt 0:01:08]} 16. Qg5 {[%emt 0:02:07]} Qb6 {[%emt 0:02:28]} 17. Bb3 {[%emt 0:01:43]} a5 {[%emt 0:03:16]} 18. Rad1 {[%emt 0:14:07]} h6 {[%emt 0:08:03]} 19. Qe3 {[%emt 0:01:21]} Qf6 {[%emt 0:03:51]} 20. a4 {[%emt 0:06:39]} g5 {[%emt 0:01:13]} 21. Nh2 {[%emt 0:03:48]} Ra6 {[%emt 0:02:50]} 22. Ng4 {[%emt 0:01:45]} Qe7 {[%emt 0:02:45]} 23. Qd2 {[%emt 0:03:20]} h5 {[%emt 0:13:19]} 24. Ne3 {[%emt 0:01:11]} g4 {[%emt 0:00:12]} 25. hxg4 {[%emt 0:00:52]} hxg4 {[%emt 0:00:36]} 26. Nf5 {[%emt 0:04:42]} Bxf5 {[%emt 0:06:24]} 27. exf5 {[%emt 0:00:04]} Qh4 {[%emt 0:00:59]} 28. Qd7 {[%emt 0:03:37]} Rf8 {[%emt 0:01:50]} 29. g3 {[%emt 0:00:58]} Qf6 {[%emt 0:03:01]} 30. Qxc7 {[%emt 0:02:53]} Rb6 {[%emt 0:00:06]} 31. Bd5 {[%emt 0:01:06]} Rxb2 {[%emt 0:00:27]} 32. Be4 {[%emt 0:00:41]} Qb6 {[%emt 0:05:17]} 33. Qxb6 {[%emt 0:00:08]} Rxb6 {[%emt 0:00:04]} 34. Rb1 {[%emt 0:00:09]} Rd6 {[%emt 0:00:55]} 35. Rxb7 {[%emt 0:00:22]} Rc8 {[%emt 0:00:20]} 36. Rb5 {[%emt 0:02:20]} Bh6 {[%emt 0:01:04]} 37. Rxa5 {[%emt 0:00:59]} Bd2 {[%emt 0:00:29]} 38. Rd1 {[%emt 0:00:19]} Rxc3 {[%emt 0:04:31]} 39. f6 {[%emt 0:01:15]} Rc8 {[%emt 0:00:55]} 40. Rxe5 {[%emt 0:00:16]} Rcd8 {[%emt 0:00:59]} 41. Rf5 {[%emt 0:33:06]} Rd4 {[%emt 0:30:41]} 42. Bc6 {[%emt 0:00:29]} Kh7 {[%emt 0:01:35]} 43. a5 {[%emt 0:01:51]} Kg6 {[%emt 0:03:41]} 44. Rc5 {[%emt 0:00:00]} Be3 {[%emt 0:00:00]} 45. Rxd4 {[%emt 0:00:00]} Bxd4 {[%emt 0:00:00]} 46. Rb5 {[%emt 0:00:00]} Rc8 {[%emt 0:00:00]} 47. Be4+ {[%emt 0:00:00]} Kxf6 {[%emt 0:00:00]} 48. Rd5 {[%emt 0:00:00]} Rc4 {[%emt 0:00:00]} 49. a6 {[%emt 0:00:00]} Ba7 {[%emt 0:00:00]} 50. Rf5+ {[%emt 0:00:00]} Ke7 {[%emt 0:00:00]} 51. Rxf7+ {[%emt 0:00:00]} Kxf7 {[%emt 0:00:00]} 52. Bd5+ {[%emt 0:00:00]} Kf6 {[%emt 0:00:00]} 53. Bxc4 {[%emt 0:00:00]} Kg5 {[%emt 0:00:00]} 54. Kg2 {[%emt 0:00:00]} Bb6 {[%emt 0:00:00]} 55. f4+ {[%emt 0:00:00]} gxf3+ {[%emt 0:00:00]} 56. Kxf3 {[%emt 0:00:00]} Kf5 {[%emt 0:00:00]} 57. Bd3+ {[%emt 0:00:00]} Kg5 {[%emt 0:00:00]} 58. g4 {[%emt 0:00:40]} Ba7 {[%emt 0:00:00]} 59. Be2 {[%emt 0:00:11]} Kf6 {[%emt 0:00:00]} 60. Ke4 {[%emt 0:00:27]} Ke6 {[%emt 0:00:00]} 61. Bc4+ {[%emt 0:00:25]} Kd6 {[%emt 0:00:00]} 62. Kf5 {[%emt 0:00:06]} Ke7 {[%emt 0:00:00]} 63. Kg6 {[%emt 0:00:09]} Bd4 {[%emt 0:00:00]} 64. g5 {[%emt 0:00:09]} 1-0

[Event "22nd Hoogeveen Open 2018"]
[Site "Hoogeveen"]
[Date "2018.10.26"]
[Round "8"]
[White "Emans, Job"]
[Black "Shakhverdian, William"]
[Result "1-0"]
[WhiteElo "1927"]
[BlackElo "1903"]
[Annotator "NA"]
[PlyCount "113"]
[EventDate "2018.10.20"]
[EventType "swiss"]
[EventCountry "NED"]
[SourceTitle "playchess.com"]
[Source "ChessBase"]
[SourceQuality "1"]
[TimeControl "40/5400+30:1800+30"]

1. d4 {[%emt 0:00:00]} Nf6 {[%emt 0:00:00]} 2. c4 {[%emt 0:00:00]} g6 {[%emt 0:00:00]} 3. Nc3 {[%emt 0:00:00]} Bg7 {[%emt 0:00:00]} 4. e4 {[%emt 0:00:00]} d6 {[%emt 0:00:00]} 5. Nf3 {[%emt 0:00:00]} O-O {[%emt 0:00:00]} 6. Be2 {[%emt 0:00:10]} e5 {[%emt 0:00:00]} 7. O-O {[%emt 0:00:13]} Nc6 {[%emt 0:00:00]} 8. d5 {[%emt 0:00:09]} Ne7 {[%emt 0:00:01]} 9. Ne1 {[%emt 0:00:27]} Nd7 {[%emt 0:00:16]} 10. Nd3 {[%emt 0:00:41] LiveBook: 1353 Games} b6 {[%emt 0:00:33]} 11. b4 {[%emt 0:13:05]} a5 {[%emt 0:00:15]} 12. Be3 {[%emt 0:00:26]} f5 {[%emt 0:02:53]} 13. f3 {[%emt 0:00:10]} f4 {[%emt 0:01:56]} 14. Bf2 {[%emt 0:00:06]} g5 $16 {[%emt 0:01:54]} (14... axb4 $11 {remains equal.} 15. Nxb4 g5) 15. c5 {[%emt 0:06:49]} axb4 {[%emt 0:03:39]} 16. cxd6 {[%emt 0:00:06]} bxc3 {[%emt 0:01:03]} 17. dxe7 {[%emt 0:00:04]} Qxe7 {[%emt 0:00:05]} 18. Qb3 {[%emt 0:00:10]} Qd6 {[%emt 0:05:46]} 19. Qxc3 {[%emt 0:05:13]} Ba6 {[%emt 0:01:28]} 20. Rfc1 {[%emt 0:01:11]} Bxd3 {[%emt 0:11:06]} 21. Bxd3 {[%emt 0:01:26]} Rfc8 {[%emt 0:02:06]} 22. a4 {[%emt 0:01:26]} Ra5 {[%emt 0:02:58]} 23. Bb5 {[%emt 0:00:42]} Bf8 {[%emt 0:14:17]} 24. Bxd7 {[%emt 0:06:21]} Qxd7 {[%emt 0:01:07]} 25. Bxb6 {[%emt 0:00:34]} Raa8 {[%emt 0:15:45]} 26. Bf2 {[%emt 0:04:04]} Bd6 {[%emt 0:03:48]} 27. Qc6 {[%emt 0:06:05]} Qxc6 {[%emt 0:04:25]} 28. Rxc6 {[%emt 0:00:06]} Rcb8 {[%emt 0:04:18]} 29. Bc5 {[%emt 0:05:40]} Ra5 {[%emt 0:18:40]} 30. Bxd6 {[%emt 0:00:31]} cxd6 {[%emt 0:00:05]} 31. Rxd6 {[%emt 0:00:23]} Rb2 {[%emt 0:00:49]} 32. Rc6 {[%emt 0:00:43]} Rd2 {[%emt 0:00:11]} 33. Rb1 {[%emt 0:00:30]} Ra7 {[%emt 0:00:23]} 34. a5 {[%emt 0:02:31]} Ra2 {[%emt 0:01:27]} 35. d6 {[%emt 0:00:12]} R2xa5 {[%emt 0:03:04]} 36. Rc7 {[%emt 0:08:15]} Ra8 {[%emt 0:02:08]} 37. d7 {[%emt 0:01:49]} Rf8 {[%emt 0:00:26]} 38. Rd1 {[%emt 0:01:16]} Raa8 {[%emt 0:00:37]} 39. Rd5 {[%emt 0:00:13]} Ra1+ {[%emt 0:01:12]} 40. Kf2 {[%emt 0:00:04]} Ra2+ {[%emt 0:00:21]} 41. Ke1 {[%emt 0:30:21]} Raa8 {[%emt 0:30:43]} 42. Rxe5 {[%emt 0:00:10]} h6 {[%emt 0:00:31]} 43. Re7 {[%emt 0:00:30]} Rfd8 {[%emt 0:00:16]} 44. Rc6 {[%emt 0:00:57]} Kf8 {[%emt 0:00:00]} 45. Rh7 {[%emt 0:00:00]} Kg8 {[%emt 0:00:00]} 46. Rcxh6 {[%emt 0:00:00]} Kf8 {[%emt 0:00:00]} 47. e5 {[%emt 0:00:00]} Rdb8 {[%emt 0:00:00]} 48. Rh8+ {[%emt 0:00:00]} Ke7 {[%emt 0:00:00]} 49. Rxb8 {[%emt 0:00:00]} Rxb8 {[%emt 0:00:00]} 50. Rd6 {[%emt 0:00:00]} Kd8 {[%emt 0:00:00]} 51. e6 {[%emt 0:00:00]} Ke7 {[%emt 0:00:00]} 52. Rc6 {[%emt 0:00:00]} Rb5 {[%emt 0:00:00]} 53. Kd2 {[%emt 0:00:00]} Re5 {[%emt 0:00:00]} 54. Kc3 {[%emt 0:00:00]} Re1 {[%emt 0:00:00]} 55. Rc8 {[%emt 0:00:00]} Rd1 {[%emt 0:00:00]} 56. Re8+ {[%emt 0:00:00]} Kf6 {[%emt 0:00:00]} 57. d8=Q+ {[%emt 0:00:00]} 1-0

[Event "22nd Hoogeveen Open 2018"]
[Site "Hoogeveen"]
[Date "2018.10.26"]
[Round "8"]
[White "De Vries, Emma"]
[Black "Boghossian, Wahe"]
[Result "0-1"]
[WhiteElo "1905"]
[BlackElo "1748"]
[Annotator "NA"]
[PlyCount "86"]
[EventDate "2018.10.20"]
[EventType "swiss"]
[EventCountry "NED"]
[SourceTitle "playchess.com"]
[Source "ChessBase"]
[SourceQuality "1"]
[TimeControl "40/5400+30:1800+30"]

1. e4 {[%emt 0:00:00]} c5 {[%emt 0:00:00]} 2. Nf3 {[%emt 0:00:00]} d6 {[%emt 0:00:00]} 3. Bb5+ {[%emt 0:00:00]} Bd7 {[%emt 0:00:11]} 4. Bxd7+ {[%emt 0:00:00]} Qxd7 {[%emt 0:01:29]} 5. O-O {[%emt 0:00:12] LiveBook: 3529 Games} Nc6 {[%emt 0:00:47]} 6. c3 {[%emt 0:01:11]} Nf6 {[%emt 0:01:11]} 7. Re1 {[%emt 0:00:25]} e6 {[%emt 0:01:25]} 8. d4 {[%emt 0:00:31]} cxd4 {[%emt 0:00:55]} 9. cxd4 {[%emt 0:00:05]} Be7 {[%emt 0:00:53]} 10. Nc3 {[%emt 0:07:35]} O-O {[%emt 0:01:04]} 11. d5 $11 {[%emt 0:06:22]} Ne5 {[%emt 0:14:09]} 12. b3 {[%emt 0:04:59]} Nxf3+ {[%emt 0:17:05]} 13. Qxf3 {[%emt 0:00:38]} Rac8 {[%emt 0:00:27]} 14. Bb2 {[%emt 0:03:29]} e5 {[%emt 0:00:51]} 15. Qe3 {[%emt 0:05:50]} b5 {[%emt 0:08:03]} 16. Qe2 {[%emt 0:03:59]} Rb8 {[%emt 0:02:34]} 17. a4 {[%emt 0:07:17]} b4 {[%emt 0:06:55]} 18. Nd1 {[%emt 0:00:53]} h6 {[%emt 0:02:23]} 19. Bc1 {[%emt 0:04:58]} Qc7 {[%emt 0:05:47]} 20. Qd3 {[%emt 0:07:49]} Rfc8 {[%emt 0:03:32]} 21. Re2 {[%emt 0:02:50]} Nd7 {[%emt 0:03:37]} 22. Qg3 {[%emt 0:04:43]} Kh8 {[%emt 0:00:53]} 23. Qh3 {[%emt 0:09:48]} Kg8 {[%emt 0:06:01]} 24. Bb2 {[%emt 0:07:13]} Nc5 {[%emt 0:02:57]} 25. Rc1 {[%emt 0:00:21]} Qd7 {[%emt 0:01:26]} 26. Qg3 {[%emt 0:04:53]} Bg5 {[%emt 0:02:46]} 27. Rc4 {[%emt 0:00:57]} f5 {[%emt 0:01:52]} 28. exf5 {[%emt 0:06:22]} Qxf5 {[%emt 0:00:01]} 29. Rec2 {[%emt 0:01:52]} Rf8 {[%emt 0:01:47]} 30. Ne3 {[%emt 0:01:48]} Qd3 {[%emt 0:01:51]} 31. Rxc5 {[%emt 0:02:05]} Bxe3 {[%emt 0:01:26]} 32. h3 {[%emt 0:04:34]} Qd1+ {[%emt 0:02:17]} 33. Kh2 {[%emt 0:00:07]} Bxc5 {[%emt 0:00:08]} 34. Rxc5 {[%emt 0:01:05]} dxc5 {[%emt 0:00:35]} 35. Qxe5 {[%emt 0:00:13]} Rb7 {[%emt 0:00:49]} 36. Qe6+ {[%emt 0:00:28]} Rbf7 {[%emt 0:00:49]} 37. d6 {[%emt 0:00:23]} Qc2 {[%emt 0:04:20]} 38. Be5 {[%emt 0:00:38]} Qf5 {[%emt 0:00:15]} 39. Qd5 {[%emt 0:00:10]} Re8 {[%emt 0:01:09]} 40. f4 {[%emt 0:00:09]} g5 {[%emt 0:02:25]} 41. g4 {[%emt 0:32:23]} Qc2+ {[%emt 0:03:17]} 42. Kg3 {[%emt 0:00:00]} Rxe5 {[%emt 0:05:52]} 43. Qxe5 {[%emt 0:00:00]} Qc3+ {[%emt 0:00:14]} 0-1

[Event "22nd Hoogeveen Open 2018"]
[Site "Hoogeveen"]
[Date "2018.10.26"]
[Round "8"]
[White "Kutchoukov, Daniel"]
[Black "Van Randtwijk, Mick"]
[Result "0-1"]
[WhiteElo "1882"]
[BlackElo "1979"]
[Annotator "NA"]
[PlyCount "92"]
[EventDate "2018.10.20"]
[EventType "swiss"]
[EventCountry "NED"]
[SourceTitle "playchess.com"]
[Source "ChessBase"]
[SourceQuality "1"]
[TimeControl "40/5400+30:1800+30"]

1. e4 {[%emt 0:00:00]} c5 {[%emt 0:00:00]} 2. Nc3 {[%emt 0:00:00]} d6 {[%emt 0:00:00]} 3. d4 {[%emt 0:00:00]} cxd4 {[%emt 0:00:20]} 4. Qxd4 {[%emt 0:00:00]} Nc6 {[%emt 0:00:07]} 5. Qd2 {[%emt 0:00:00]} g6 {[%emt 0:01:45]} 6. b3 {[%emt 0:00:15] LiveBook: 28 Games} Bg7 {[%emt 0:00:24]} 7. Bb2 {[%emt 0:00:12]} Nf6 {[%emt 0:02:00]} 8. O-O-O {[%emt 0:01:59]} O-O {[%emt 0:00:48]} 9. f3 {[%emt 0:02:11]} Qa5 {[%emt 0:08:05]} 10. Kb1 {[%emt 0:02:58]} Be6 {[%emt 0:00:32]} 11. h4 $11 {[%emt 0:05:00]} Rfc8 {[%emt 0:07:55]} 12. Nge2 {[%emt 0:03:38]} b5 {[%emt 0:05:06]} 13. Nf4 {[%emt 0:07:15]} Bh6 {[%emt 0:11:52]} 14. g3 {[%emt 1:01:55]} Ne5 {[%emt 0:10:44]} 15. Ncd5 {[%emt 0:02:55]} Qxd2 {[%emt 0:00:10]} 16. Nxf6+ {[%emt 0:00:14]} exf6 {[%emt 0:00:07]} 17. Rxd2 {[%emt 0:00:07]} Nxf3 {[%emt 0:06:55]} 18. Rxd6 {[%emt 0:01:05]} Rd8 {[%emt 0:00:04]} 19. Rxd8+ {[%emt 0:00:45]} Rxd8 {[%emt 0:00:06]} 20. Bxb5 {[%emt 0:00:23]} Nd2+ {[%emt 0:00:07]} 21. Ka1 {[%emt 0:07:11]} Nxe4 {[%emt 0:00:06]} 22. Re1 {[%emt 0:02:17]} f5 {[%emt 0:03:03]} 23. Ne2 {[%emt 0:00:33]} Bf8 {[%emt 0:07:39]} 24. Kb1 {[%emt 0:00:33]} Bc5 {[%emt 0:02:28]} 25. Bd3 {[%emt 0:00:31]} Bf2 {[%emt 0:01:17]} 26. Rh1 {[%emt 0:00:30]} Nxg3 {[%emt 0:01:04]} 27. Nxg3 {[%emt 0:00:24]} Bxg3 {[%emt 0:00:05]} 28. Bf6 {[%emt 0:00:35]} Re8 {[%emt 0:01:50]} 29. c4 {[%emt 0:00:31]} f4 {[%emt 0:00:43]} 30. Rf1 {[%emt 0:00:31]} Bh3 {[%emt 0:00:42]} 31. Rg1 {[%emt 0:00:27]} Bf2 {[%emt 0:03:33]} 32. Rh1 {[%emt 0:00:31]} Bg4 {[%emt 0:00:30]} 33. Kc2 {[%emt 0:00:30]} Bc5 {[%emt 0:01:00]} 34. Rf1 {[%emt 0:00:28]} f3 {[%emt 0:00:10]} 35. Kd2 {[%emt 0:00:32]} f2 {[%emt 0:01:29]} 36. Bc3 {[%emt 0:00:30]} Bh3 {[%emt 0:01:29]} 37. Ra1 {[%emt 0:00:30]} Rd8 {[%emt 0:00:20]} 38. Kc2 {[%emt 0:00:32]} Rxd3 {[%emt 0:00:42]} 39. Kxd3 {[%emt 0:00:15]} f1=Q+ {[%emt 0:00:06]} 40. Rxf1 {[%emt 0:00:13]} Bxf1+ {[%emt 0:00:06]} 41. Ke4 {[%emt 0:30:30]} Bg2+ {[%emt 0:30:48]} 42. Ke5 {[%emt 0:00:25]} Kf8 {[%emt 0:00:32]} 43. b4 {[%emt 0:00:06]} Be7 {[%emt 0:00:11]} 44. a4 {[%emt 0:00:00]} Ke8 {[%emt 0:00:00]} 45. a5 {[%emt 0:00:00]} Kd7 {[%emt 0:00:00]} 46. a6 {[%emt 0:00:00]} Kc6 {[%emt 0:00:00]} 0-1

[Event "22nd Hoogeveen Open 2018"]
[Site "Hoogeveen"]
[Date "2018.10.26"]
[Round "8"]
[White "Husers, Yannic"]
[Black "Bleeker, Kasper"]
[Result "0-1"]
[WhiteElo "1866"]
[BlackElo "1891"]
[Annotator "NA"]
[PlyCount "52"]
[EventDate "2018.10.20"]
[EventType "swiss"]
[EventCountry "NED"]
[SourceTitle "playchess.com"]
[Source "ChessBase"]
[SourceQuality "1"]
[TimeControl "40/5400+30:1800+30"]

1. f4 {[%emt 0:00:00]} e5 {[%emt 0:00:00]} 2. fxe5 {[%emt 0:00:00]} d6 {[%emt 0:00:03]} 3. exd6 {[%emt 0:00:00]} Bxd6 {[%emt 0:00:06]} 4. Nf3 {[%emt 0:00:00]} Nc6 {[%emt 0:01:35]} 5. d4 {[%emt 0:01:48]} Bg4 {[%emt 0:02:24]} 6. Be3 {[%emt 0:03:52]} (6. e3 $16) 6... Nf6 {[%emt 0:01:21]} 7. Nc3 {[%emt 0:01:14]} Qe7 {[%emt 0:04:43]} 8. Kf2 $19 {[%emt 0:07:19]} (8. Qd2 $15) 8... O-O-O {[%emt 0:04:32]} 9. Qd2 {[%emt 0:24:24]} Bb4 {[%emt 0:15:51]} 10. Kg1 {[%emt 0:01:38]} Rhe8 {[%emt 0:02:29]} 11. Bf2 {[%emt 0:03:20]} Ne4 {[%emt 0:23:59]} 12. Qf4 {[%emt 0:21:26]} Nxf2 {[%emt 0:02:13]} 13. Kxf2 {[%emt 0:01:46]} Bxf3 {[%emt 0:04:58]} 14. exf3 {[%emt 0:00:47]} Rxd4 {[%emt 0:00:58]} 15. Ne4 {[%emt 0:01:30]} Bd2 {[%emt 0:21:11]} 16. Qf5+ {[%emt 0:05:40]} Kb8 {[%emt 0:00:07]} 17. Bd3 {[%emt 0:01:55]} g6 {[%emt 0:01:44]} 18. Qb5 {[%emt 0:07:27]} Rb4 {[%emt 0:01:25]} 19. Qd5 {[%emt 0:01:30]} Rd8 {[%emt 0:01:06]} 20. Qxd8+ {[%emt 0:00:25]} Qxd8 {[%emt 0:00:29]} 21. Nxd2 {[%emt 0:00:08]} Qd4+ {[%emt 0:01:13]} 22. Kf1 {[%emt 0:00:06]} a6 {[%emt 0:02:16]} 23. Re1 {[%emt 0:00:58]} Qxb2 {[%emt 0:01:36]} 24. Nc4 {[%emt 0:00:26]} Qxa2 {[%emt 0:00:26]} 25. Kf2 {[%emt 0:00:23]} Rxc4 {[%emt 0:00:33]} 26. Bxc4 {[%emt 0:00:00]} Qxc4 {[%emt 0:00:02]} 0-1

[Event "22nd Hoogeveen Open 2018"]
[Site "Hoogeveen"]
[Date "2018.10.26"]
[Round "8"]
[White "Brands, Kevin"]
[Black "Oord, Raymon"]
[Result "1/2-1/2"]
[WhiteElo "1862"]
[BlackElo "1900"]
[Annotator "NA"]
[PlyCount "85"]
[EventDate "2018.10.20"]
[EventType "swiss"]
[EventCountry "NED"]
[SourceTitle "playchess.com"]
[Source "ChessBase"]
[SourceQuality "1"]
[TimeControl "40/5400+30:1800+30"]

1. d4 {[%emt 0:00:00]} Nf6 {[%emt 0:00:00]} 2. c4 {[%emt 0:00:00]} e6 {[%emt 0:00:06]} 3. g3 {[%emt 0:01:04]} d5 {[%emt 0:00:36]} 4. Nf3 {[%emt 0:00:41]} Nbd7 {[%emt 0:00:44]} 5. Bg2 {[%emt 0:03:34]} c6 {[%emt 0:01:03]} 6. O-O {[%emt 0:02:13]} Bd6 {[%emt 0:00:36]} 7. Nc3 {[%emt 0:02:46] LiveBook: 169 Partien} Ne4 {[%emt 0:05:45]} (7... dxc4 $11 {keeps the balance.} 8. Nd2 Nb6) 8. Nxe4 {[%emt 0:06:57]} dxe4 $16 {[%emt 0:00:03]} 9. Ng5 {[%emt 0:16:45]} f5 {[%emt 0:03:41]} 10. Nxe6 {[%emt 0:04:20]} Qf6 {[%emt 0:02:46]} 11. d5 {[%emt 0:02:01]} Nb6 {[%emt 0:11:43]} 12. Bg5 {[%emt 0:02:47]} Qg6 {[%emt 0:06:02]} 13. Qd4 {[%emt 0:05:05]} Bxe6 {[%emt 0:08:10]} 14. dxe6 {[%emt 0:00:03]} Qxe6 {[%emt 0:03:26]} 15. Qxg7 {[%emt 0:15:51]} Be5 {[%emt 0:09:39]} 16. Qxb7 {[%emt 0:02:03]} O-O {[%emt 0:04:00]} 17. Qe7 {[%emt 0:06:35]} Qxe7 {[%emt 0:03:58]} 18. Bxe7 {[%emt 0:00:03]} Rf7 {[%emt 0:00:41]} 19. Ba3 {[%emt 0:06:50]} Nxc4 {[%emt 0:01:56]} 20. Rac1 {[%emt 0:00:08]} Nxa3 {[%emt 0:01:13]} 21. bxa3 {[%emt 0:00:03]} Rf6 {[%emt 0:01:16]} 22. Rc5 {[%emt 0:01:50]} Bd4 {[%emt 0:01:41]} 23. Rc4 {[%emt 0:00:56]} Bb6 {[%emt 0:00:38]} 24. Rfc1 {[%emt 0:00:07]} Rd8 {[%emt 0:05:06]} 25. e3 {[%emt 0:04:47]} c5 {[%emt 0:02:04]} 26. Bh3 {[%emt 0:01:45]} h5 {[%emt 0:01:58]} 27. a4 {[%emt 0:00:55]} a5 {[%emt 0:00:23]} 28. Rxc5 {[%emt 0:00:59]} Bxc5 {[%emt 0:03:51]} 29. Rxc5 {[%emt 0:00:03]} Rd2 {[%emt 0:05:08]} 30. Rxf5 {[%emt 0:03:01]} Kg7 {[%emt 0:01:47]} 31. Rxf6 {[%emt 0:01:47]} Kxf6 {[%emt 0:00:03]} 32. Bf1 {[%emt 0:00:29]} Rxa2 {[%emt 0:00:50]} 33. Bb5 {[%emt 0:00:02]} Kg5 {[%emt 0:03:43]} 34. Kg2 {[%emt 0:00:58]} h4 {[%emt 0:00:55]} 35. Bc6 {[%emt 0:01:01]} h3+ {[%emt 0:03:52]} 36. Kxh3 {[%emt 0:00:40]} Rxf2 {[%emt 0:00:17]} 37. Bxe4 {[%emt 0:00:03]} Re2 {[%emt 0:00:33]} 38. Bc6 {[%emt 0:01:09]} Rxe3 {[%emt 0:00:41]} 39. Bb5 {[%emt 0:01:25]} Rb3 {[%emt 0:01:19]} 40. Bd7 {[%emt 0:01:46]} Rd3 {[%emt 0:03:28]} 41. Bb5 {[%emt 0:30:38]} Rb3 {[%emt 0:30:08]} 42. Kg2 {[%emt 0:05:13]} Rb2+ {[%emt 0:00:35]} 43. Kh3 {[%emt 0:00:12]} 1/2-1/2

[Event "22nd Hoogeveen Open 2018"]
[Site "Hoogeveen"]
[Date "2018.10.26"]
[Round "8"]
[White "Achuthan, Dylan"]
[Black "Mellema, Andries"]
[Result "0-1"]
[WhiteElo "1751"]
[BlackElo "2140"]
[Annotator "NA"]
[PlyCount "76"]
[EventDate "2018.10.20"]
[EventType "swiss"]
[EventCountry "NED"]
[SourceTitle "playchess.com"]
[Source "ChessBase"]
[SourceQuality "1"]
[TimeControl "40/5400+30:1800+30"]

1. Nf3 {[%emt 0:00:00]} Nf6 {[%emt 0:08:39]} 2. b3 {[%emt 0:00:00]} g6 {[%emt 0:08:21]} 3. Bb2 {[%emt 0:00:15]} Bg7 {[%emt 0:00:07]} 4. g4 {[%emt 0:01:28]} h6 {[%emt 0:03:39]} 5. h4 $15 {[%emt 0:03:26]} d5 {[%emt 0:16:07]} 6. Bh3 {[%emt 0:04:18]} c5 {[%emt 0:04:56]} 7. e3 {[%emt 0:02:31]} Nc6 {[%emt 0:01:29]} 8. Qe2 {[%emt 0:01:33]} Bd7 {[%emt 0:08:21]} 9. d3 {[%emt 0:06:44]} Qc8 {[%emt 0:06:51]} 10. Nbd2 {[%emt 0:18:11]} Bxg4 {[%emt 0:08:57]} 11. Bxg4 {[%emt 0:00:07]} Qxg4 {[%emt 0:00:08]} 12. O-O-O {[%emt 0:00:23]} O-O-O {[%emt 0:03:11]} 13. Rdg1 {[%emt 0:02:14]} Qd7 {[%emt 0:05:57]} 14. a4 {[%emt 0:02:24]} Qc7 {[%emt 0:01:35]} 15. Kb1 {[%emt 0:02:47]} Kb8 {[%emt 0:01:28]} 16. Nf1 {[%emt 0:06:38]} Nh5 {[%emt 0:03:20]} 17. Bxg7 {[%emt 0:01:28]} Nxg7 {[%emt 0:00:08]} 18. Ng3 {[%emt 0:00:07]} Na5 {[%emt 0:05:39]} 19. d4 {[%emt 0:05:43]} f6 {[%emt 0:03:50]} 20. Ka2 {[%emt 0:05:34]} Rc8 {[%emt 0:02:29]} 21. Rc1 {[%emt 0:00:39]} Qb6 {[%emt 0:00:59]} 22. Rb1 {[%emt 0:10:03]} Nc6 {[%emt 0:01:09]} 23. c3 {[%emt 0:01:35]} e5 {[%emt 0:01:32]} 24. Rhd1 {[%emt 0:04:59]} Rhd8 {[%emt 0:01:08]} 25. Qb5 {[%emt 0:03:23]} cxd4 {[%emt 0:00:18]} 26. Qxb6 {[%emt 0:01:19]} axb6 {[%emt 0:00:01]} 27. exd4 {[%emt 0:00:01]} e4 {[%emt 0:01:37]} 28. Nh2 {[%emt 0:01:41]} f5 {[%emt 0:00:12]} 29. Ne2 {[%emt 0:00:24]} Ne6 {[%emt 0:00:49]} 30. Rg1 {[%emt 0:00:58]} g5 {[%emt 0:00:22]} 31. Ng3 {[%emt 0:00:21]} Ne7 {[%emt 0:01:01]} 32. Rbc1 {[%emt 0:01:11]} Nf4 {[%emt 0:00:36]} 33. Rc2 {[%emt 0:02:02]} Nd3 {[%emt 0:00:50]} 34. Kb1 {[%emt 0:01:14]} Nf4 {[%emt 0:00:17]} 35. Ka2 {[%emt 0:00:17]} Rg8 {[%emt 0:00:25]} 36. hxg5 {[%emt 0:00:49]} hxg5 {[%emt 0:00:04]} 37. Rgc1 {[%emt 0:00:13]} Nd3 {[%emt 0:00:14]} 38. Rg1 {[%emt 0:00:44]} Nb4+ {[%emt 0:00:09]} 0-1